<?xml version="1.0" encoding="UTF-8"?><?xml-stylesheet type="text/xsl" href="static/style.xsl"?><OAI-PMH xmlns="http://www.openarchives.org/OAI/2.0/" xmlns:xsi="http://www.w3.org/2001/XMLSchema-instance" xsi:schemaLocation="http://www.openarchives.org/OAI/2.0/ http://www.openarchives.org/OAI/2.0/OAI-PMH.xsd"><responseDate>2026-04-17T01:18:44Z</responseDate><request verb="GetRecord" identifier="oai:www.recercat.cat:2117/179970" metadataPrefix="marc">https://recercat.cat/oai/request</request><GetRecord><record><header><identifier>oai:recercat.cat:2117/179970</identifier><datestamp>2025-07-24T17:59:01Z</datestamp><setSpec>com_2072_1033</setSpec><setSpec>col_2072_452951</setSpec></header><metadata><record xmlns="http://www.loc.gov/MARC21/slim" xmlns:dcterms="http://purl.org/dc/terms/" xmlns:xsi="http://www.w3.org/2001/XMLSchema-instance" xmlns:doc="http://www.lyncode.com/xoai" xsi:schemaLocation="http://www.loc.gov/MARC21/slim http://www.loc.gov/standards/marcxml/schema/MARC21slim.xsd">
   <leader>00925njm 22002777a 4500</leader>
   <datafield ind2=" " ind1=" " tag="042">
      <subfield code="a">dc</subfield>
   </datafield>
   <datafield ind2=" " ind1=" " tag="720">
      <subfield code="a">Castellano Portet, Albert</subfield>
      <subfield code="e">author</subfield>
   </datafield>
   <datafield ind2=" " ind1=" " tag="260">
      <subfield code="c">2020-02-27</subfield>
   </datafield>
   <datafield ind2=" " ind1=" " tag="520">
      <subfield code="a">La realización del Trabajo de Final de Carrera significa, para cualquier estudiante, la culminación de años de estudio. Su ejecución requiere la aplicación de diferentes conocimientos en diversas áreas, herramientas y habilidades obtenidas a lo largo de todos los cursos de la carrera.&#xd;
He considerado oportuno estructurar el proyecto, como se refleja en el titulo; desglosando la información del edificio en dos puntos diferenciados: el estudio histórico del edificio y su contexto; y el estudio constructivo, mediante la representación gráfica de las distintas naves que conforman el conjunto.&#xd;
El punto del estudio histórico, está compuesto por una identificación del edificio y su emplazamiento; una exposición de la historia, tratando primero la historia industrial de Hospitalet de Llobregat, de la que Can Trinxet es un importante participe; desde el siglo XVIII hasta la actualidad, para después, centrarme en el contexto histórico de la fábrica desde el momento de su construcción.&#xd;
Como segundo punto, he realizado el estudio constructivo del edificio, formado por la representación gráfica mediante planos, de las diferentes naves; clasificados por plantas, fachadas, secciones y detalles.&#xd;
Escogí este edificio, en primera instancia por motivos personales, para conocer mejor la historia de Hospitalet de Llobregat, donde resido desde hace tres años; en este caso, los aspectos de su historia industrial.&#xd;
Fue entonces cuando descubrí todo lo que ha vivido y esconde este edificio; que, a pesar de ser un elemento de gran importancia, para preservar el patrimonio industrial de Hospitalet de Llobregat; ha quedado en el olvido por las instituciones, y se está deteriorando de forma acelerada en los últimos años.&#xd;
Por ello, objetivo de este trabajo era el de realizar un documento, que sirviese como recopilación de información; recogiendo los aspectos tanto históricos como técnicos, de las solo tres naves que aún se conservan del edificio, actualmente en ruinas; antes de que desaparezca totalmente.</subfield>
   </datafield>
   <datafield tag="653" ind2=" " ind1=" ">
      <subfield code="a">Àrees temàtiques de la UPC::Edificació::Elements constructius d'edificis</subfield>
   </datafield>
   <datafield tag="653" ind2=" " ind1=" ">
      <subfield code="a">Industrial buildings</subfield>
   </datafield>
   <datafield tag="653" ind2=" " ind1=" ">
      <subfield code="a">Art nouveau (Architecture)</subfield>
   </datafield>
   <datafield tag="653" ind2=" " ind1=" ">
      <subfield code="a">Textile factories</subfield>
   </datafield>
   <datafield tag="653" ind2=" " ind1=" ">
      <subfield code="a">Can Trinxet (L'Hospitalet de Llobregat, Catalunya)</subfield>
   </datafield>
   <datafield tag="653" ind2=" " ind1=" ">
      <subfield code="a">Edificis industrials</subfield>
   </datafield>
   <datafield tag="653" ind2=" " ind1=" ">
      <subfield code="a">Fàbrica Trinxet (L'Hospitalet de Llobregat, Catalunya)</subfield>
   </datafield>
   <datafield tag="653" ind2=" " ind1=" ">
      <subfield code="a">Fàbriques de teixits -- Catalunya -- L'Hospitalet de Llobregat</subfield>
   </datafield>
   <datafield tag="653" ind2=" " ind1=" ">
      <subfield code="a">Alsina Arús, Joan</subfield>
   </datafield>
   <datafield tag="653" ind2=" " ind1=" ">
      <subfield code="a">Modernisme (Arquitectura) -- Catalunya -- L'Hospitalet de Llobregat</subfield>
   </datafield>
   <datafield ind2="0" ind1="0" tag="245">
      <subfield code="a">Estudio histórico y constructivo del conjunto industrial Can Trinxet</subfield>
   </datafield>
</record></metadata></record></GetRecord></OAI-PMH>